| 000 -ლიდერი |
| ფიქსირებული სიგრძის საკონტროლო ველი |
01210nam a2200265Ia 4500 |
| 001 - საკონტროლო ნომერი |
| საკონტროლო ველი |
20048 |
| 003 - საკონტროლო ნომრის იდენტიფიკატორი |
| საკონტროლო ველი |
GE_BSU |
| 005 - ბოლო ოპერაციის თარიღი და დრო |
| საკონტროლო ველი |
20250306115840.0 |
| 008 - ფიქსირებული სიგრძის მონაცემთა ელემენტები - ზოგადი ინფორმაცია |
| ფიქსირებული სიგრძის საკონტროლო ველი |
181216s2005||||ge |||||||||||||| ||geo|| |
| 020 ## - წიგნის საერთაშორისო სტანდარტული ნომერი |
| International Standard Book Number |
9992832479 |
| 040 ## - კატალოგიზაციის წყარო |
| Transcribing agency |
GE_BSU |
| 041 ## - ენის კოდი |
| Language code of text/sound track or separate title |
geo |
| 080 ## - უნივერსალური ათობითი კლასიფიკაციის ინდექსი |
| Universal Decimal Classification number |
617-089(075.8)გ-82 |
| 100 ## - მთავარი ჩანაწერი - პიროვნების სახელი |
| Personal name |
გრიგოლია, ნოდარ |
| 9 (RLIN) |
3225 |
| 245 ## - ცნობა სათაურის შესახებ |
| Title |
ქირურგიული დაავადებები : |
| Remainder of title |
სახელმძღვ. სამედ. უნ-ტის სტუდ. და ახალგ. ექიმებისათვის / |
| Statement of responsibility, etc |
ნოდარ გრიგოლია ; რედ. ი. დავითაია |
| 250 ## - გამოცემის ცნობა |
| Edition statement |
[მე-2 გამოც.]. |
| 264 ## - წარმოების, გამოცემის, დისტრიბუციის და სხვა ცნობები |
| გამოცემის, წარმოების, დისტრიბუციის... ადგილი |
თბილისი : |
| გამოცემის, წარმოების, დისტრიბუციის... სახელწოდება |
მერიდიანი, |
| გამოცემის, წარმოების, დისტრიბუციის... თარიღი |
2005. |
| 300 ## - ფიზიკური აღწერა |
| Extent |
507გვ. : |
| Other physical details |
25 სმ. |
| Dimensions |
სურ. ; |
| 520 ## - SUMMARY, ETC. |
| Summary, etc |
პარალ. სათ. ინგლ. ენ. |
| 653 ## - INDEX TERM--UNCONTROLLED |
| Uncontrolled term |
მედიცინა |
| 653 ## - INDEX TERM--UNCONTROLLED |
| Uncontrolled term |
ქირურგიული დაავადებები |
| 700 ## - ADDED ENTRY--PERSONAL NAME |
| Personal name |
დავითაია, ი |
| Relator term |
რედაქტორი |
| 9 (RLIN) |
3226 |
| 711 ## - ADDED ENTRY--MEETING NAME |
| Meeting name or jurisdiction name as entry element |
თბილ. სახ. სამედ. უნ-ტი. |
| 9 (RLIN) |
24474 |
| 942 ## - ADDED ENTRY ELEMENTS (KOHA) |
| Koha item type |
წიგნი |
| Source of classification or shelving scheme |
|